000 00262nam a2200121Ia 4500
008 190216s9999||||xx |||||||||||||| ||und||
100 _aShoukath
245 0 _aHindi-Nilopher
260 _bPragathi Prakashan
300 _a167
650 _aHindi
942 _cBK
999 _c16396
_d16396